书目信息 |
| 题名: |
建筑制品厂工艺设计与生产
|
|
| 作者: | 刘华章 著 | |
| 分册: | ||
| 出版信息: | 北京 中国建筑工业出版社 2006.11 |
|
| 页数: | 308页 | |
| 开本: | 26cm | |
| 丛书名: | ||
| 单 册: | ||
| 中图分类: | TU528.7 | |
| 科图分类: | ||
| 主题词: | 混凝土--hun ning tu--制成品--生产工艺 | |
| 电子资源: | ||
| ISBN: | 7-112-08727-9 | |
| 000 | 00830nam0 2200229 450 | |
| 001 | 012007065202 | |
| 005 | 20070921102433.15 | |
| 010 | @a7-112-08727-9@dCNY35.00 | |
| 100 | @a20070818d2006 km y0chiy0120 ea | |
| 101 | 0 | @achi |
| 102 | @aCN@b110000 | |
| 105 | @ak a 000yy | |
| 200 | 1 | @a建筑制品厂工艺设计与生产@Ajian zhu zhi pin chang gong yi she ji yu sheng chan@f刘华章著@Fliu hua zhang zhu |
| 210 | @a北京@c中国建筑工业出版社@d2006.11 | |
| 215 | @a308页@d26cm | |
| 320 | @a有书目 (第308页)。 | |
| 330 | @a本书总结了硅酸盐建筑制品、水泥混凝土制品、纤维增强水泥制品的工艺设计计算、施工、生产,并对总平面设计、配合设计、过渡设施工程等作了较详细的论述。 | |
| 606 | 0 | @a混凝土@Ahun ning tu@x制成品@x生产工艺 |
| 690 | @aTU528.7@v4 | |
| 701 | 0 | @a刘华章@Aliu hua zhang@4著 |
| 801 | 0 | @aCN@c20070921 |
| 905 | @dTU528.7@eL629 | |
| 建筑制品厂工艺设计与生产/刘华章著.-北京:中国建筑工业出版社,2006.11 |
| 308页;26cm |
| ISBN 7-112-08727-9:CNY35.00 |
| 本书总结了硅酸盐建筑制品、水泥混凝土制品、纤维增强水泥制品的工艺设计计算、施工、生产,并对总平面设计、配合设计、过渡设施工程等作了较详细的论述。 |
| ● |
| 相关链接 |
|
|
|
正题名:建筑制品厂工艺设计与生产
索取号:TU528.7/L629
 
预约/预借
| 序号 | 登录号 | 条形码 | 馆藏地/架位号 | 状态 | 备注 |
| 1 | 260251 | 202602512 | 建筑库201/201建筑库 8排4列4层/ [索取号:TU528.7/L629] | 在馆 | |
| 2 | 260252 | 202602521 | 建筑库201/201建筑库 8排4列4层/ [索取号:TU528.7/L629] | 在馆 | |
| 3 | 260253 | 202602530 | 建筑库201/201建筑库 8排4列4层/ [索取号:TU528.7/L629] | 在馆 |